000 nam a22 7a 4500
999 _c9828
_d9828
008 180208b ||||| |||| 00| 0 eng d
100 _aDickens, C
_95917
245 _aThe peekwork papers
260 _aLondon
_bWords worth Publication
_c2000